000 00559nam a2200205Ia 4500
005 20250317124945.0
008 008 250317s9999 xx 000 0 eng d
020 _a0-13-486556-1
037 _aTextbook
040 _aFMSL
_beng
_cFMSL
041 _aeng
_2eng
084 _aX:8 N6;1
_qFMSL
100 _aRobbins Stephen P
245 0 _aManagement
250 _a5
260 _aNew Jersey
_bNew Jersey, Prentice-Hall
_c1996
300 _axxii,800
942 _cTB
_hX:8 N6;1
999 _c1257397
_d1257397